Don Juan Vázquez García : director-fundador del Colegio Mercantil Graciense director-fundador del Colegio Mercantil Graciense
Descripción Física:
54 p. ; 16 cm
Materias:
Vázquez García, Juan -- Homenatges
MARC
| LEADER | 00000nam a2200000Ia 4500 | ||
|---|---|---|---|
| 001 | 15853 | ||
| 008 | 160829s1902] xx 000 0 cat d | ||
| 080 | |a RF-12-61 | ||
| 245 | |a Don Juan Vázquez García : |b director-fundador del Colegio Mercantil Graciense | ||
| 260 | |a [Barcelona : |b s.n., |c 1902] | ||
| 300 | |a 54 p. ; |c 16 cm | ||
| 590 | |a Prové de 4199, exp. 4 | ||
| 650 | |a Vázquez García, Juan |x Homenatges |9 47028 | ||
| 856 | 4 | |u https://media.diba.cat/diba/fitxers/arxiu/fulletons/bib_15853_1902_baixa.pdf |y Accés lliure | |
| 856 | 4 | |u https://media.diba.cat/diba/fitxers/arxiu/fulletons/bib_15853_1902_baixa.pdf |y Accés lliure | |
| 901 | |a Arxiu | ||
| 942 | |n 1 |2 udc | ||
| 952 | |0 0 |1 0 |4 0 |6 RF1261 |7 1 |9 53607 |a Arxiu |b Arxiu |d 2016-12-01 |l 0 |o RF-12-61 |p 15853 |r 2016-12-01 00:00:00 |w 2016-12-01 |y ARXIU | ||
| 999 | |c 57473 |d 57473 | ||
| 900 | |a bib_15853_1902_baixa.pdf | ||